Clona /
Tým vyšetřovatelů v čele s Holgerem Munchem a Miou Krügerovou pátrá po sériovém vrahovi, který své oběti označuje číslem vyrytým do čočky fotoaparátu.
Uloženo v:
| Série: | Holger Munch a Mia Krügerová,
část 3 |
|---|---|
| Hlavní autor: | |
| Další autoři: | |
| Médium: | E-kniha |
| Jazyk: | Czech |
| Vydáno: |
V Praze :
Plus,
2019
|
| Vydání: | Vydání první |
| Témata: | |
| Příbuzné jednotky: | Z cyklu::
Holger Munch a Mia Krügerová |
| Tagy: |
Žádné tagy |
| LEADER | 02988nam a2200517 i 4500 | ||
|---|---|---|---|
| 001 | 311009 | ||
| 003 | CZ PrSKC | ||
| 005 | 20260601215658.0 | ||
| 007 | ta | ||
| 008 | 190227s2019 xr g 000 f cze | ||
| 015 | |a cnb003079481 |z cnb003132535 | ||
| 020 | |a 9788074738814 |q (soubor ; |q Kniha Zlin) : |c Kč 649,00 | ||
| 020 | |a 978-80-259-1063-4 |q (vázáno) | ||
| 020 | |a 978-80-259-1087-0 |q (v knize neuvedeno ; |q brožováno) |z 978-80-7473-839-5 : |c Kč 269,00 | ||
| 035 | |a (OCoLC)1100765960 | ||
| 040 | |a BOA001 |b cze |e rda | ||
| 041 | 1 | |a cze |h nor | |
| 072 | 7 | |a 821.11 |x Germánské literatury |2 Konspekt | |
| 080 | |a 821.113.5-31 |2 MRF | ||
| 080 | |a (0:82-312.4) |2 MRF | ||
| 100 | 1 | |a Bjørk, Samuel, |d 1969- |7 mzk2015885488 |4 aut | |
| 240 | 1 | 0 | |a Gutten som elsket rådyr. |l Česky |
| 245 | 1 | 0 | |a Clona / |c Samuel Bjørk ; přeložila Daniela Mrázová |
| 250 | |a Vydání první | ||
| 264 | 1 | |a V Praze : |b Plus, |c 2019 | |
| 300 | |a 362 stran ; |c 21 cm | ||
| 336 | |a text |b txt |2 rdacontent | ||
| 337 | |a bez média |b n |2 rdamedia | ||
| 338 | |a svazek |b nc |2 rdacarrier | ||
| 500 | |a Přeloženo z norštiny | ||
| 500 | |a Část brožovaného nákladu distribuována v roce 2019 s dalšími 2 svazky (Sova, Clona) ve společném kartonovém pouzdru se souborným názvem: 3x Samuel Bjørk; ISBN souboru pouze na krabici | ||
| 520 | 2 | |a Tým vyšetřovatelů v čele s Holgerem Munchem a Miou Krügerovou pátrá po sériovém vrahovi, který své oběti označuje číslem vyrytým do čočky fotoaparátu. |b Zavražděná mladá baletka, nalezená v horském jezeře, mrtvý saxofonista v hotelovém pokoji, polonahý chlapec v kufru auta... To všechno jsou oběti vyšinutého vraha. Mají jedno společné. U jejich těl je vždy naaranžovaný fotoaparát, v jehož čočce je vyryto určité číslo. Právě čísla obětí by se mohla stát klíčem vedoucím k dopadení vraha, jenž hodlá ve svých činech pokračovat. Detektiv Holger Munch se rozhodne povolat opět do svého týmu Miu, doposud řešící tragickou smrt své sestry. | |
| 655 | 7 | |a norské romány |7 fd132917 |2 czenas | |
| 655 | 7 | |a detektivní romány |7 fd132010 |2 czenas | |
| 655 | 9 | |a Norwegian fiction |2 eczenas | |
| 655 | 9 | |a detective novels |2 eczenas | |
| 700 | 1 | |a Mrázová, Daniela, |d 1976- |7 js20030929006 |4 trl | |
| 740 | 0 | 2 | |a 3x Samuel Bjørk |
| 787 | 0 | 8 | |i Z cyklu: |t Holger Munch a Mia Krügerová |g 3 |
| 900 | |a ABA001 |b 21 | ||
| 928 | 9 | |a Albatros Media - Kniha Zlin | |
| 928 | 9 | |a Albatros Media - Plus | |
| 044 | |a xr | ||
| 910 | |a RBIT002 | ||
| 998 | |d 183784 |a https://core.palmknihy.cz/api/books/183784/cover?pmybz4 |b https://core.palmknihy.cz/api/books/183784/cover/400?pmybz4 |c https://core.palmknihy.cz/api/books/183784/cover/50?pmybz4 |e 2026-12-05 |g 368 |i 9788025910634 |j https://core.palmknihy.cz/api/books/183784/preview.epub |k https://core.palmknihy.cz/api/books/183784/preview.pdf |l |q 49 |r 1 |s https://www.palmknihy.cz/kniha/183784 |t ebook |y 2019 |z 0 |v Holger Munch a Mia Krügerová |w 3 | ||
| 999 | |d 311007 | ||